Βίος και θρύλος του Αγκούν 'σιχ

Saved in:
Bibliographic Details
Main Author: Khair-Eddine, Mohammed, 1941-1995
Format: Book
Language:Greek
French
Published: Αθήνα : Ροές, 1985.
Series:Λογοτεχνία (Ροές)
Tags: Add Tag
No Tags, Be the first to tag this record!

MARC

LEADER 00000cam a2200000 a 4500
001 1/110693
008 160510s1985####gr | ||| |||| ||gre||
040 |a GR-MyUa  |b gre  |c GR-MyUa  |e AACR2 
041 1 |a gre  |h fre 
082 7 |a 843   |2 (23)  
100 1 |a Khair-Eddine, Mohammed,   |d 1941-1995. 
245 1 0 |a Βίος και θρύλος του Αγκούν 'σιχ /   |c Mohammed Khair-Eddine ; μετάφραση Κ. Ασημακόπουλος.  
260 |a Αθήνα :   |b Ροές,   |c 1985.  
300 |a 160 σ. ;   |c 20 εκ.  
490 1 |a (Λογοτεχνία / Ροές)  
500 |a Τίτλος πρωτοτύπου: Legende et vie d' Agoun' chich.  
830 0 |a Λογοτεχνία (Ροές) 
852 |a INST  |b SYROS  |e 20160510  |h 843 KHA  |p 005500011628  |q 005500011628  |t BK  |y 0 
970 |a Κοντού  |b Παρασκευή  |z 10/05/2016